Khergamvala on The Negotiable Instruments Act / (Record no. 196591)
[ view plain ]
| 000 -LEADER | |
|---|---|
| fixed length control field | 00714nam a2200205 4500 |
| 005 - DATE AND TIME OF LATEST TRANSACTION | |
| control field | 20230817114801.0 |
| 010 ## - LCCN (DPL NO) | |
| LC control number | ENG-137432 |
| 020 ## - INTERNATIONAL STANDARD BOOK NUMBER | |
| Terms of availability | 1295.00 |
| International Standard Book Number | 9789391211103 |
| 035 ## - SYSTEM CONTROL NUMBER | |
| System control number | EN-120964 |
| 037 ## - SOURCE OF ACQUISITION | |
| Source of stock number/acquisition | DBAD/PUB |
| 082 ## - DEWEY DECIMAL CLASSIFICATION NUMBER | |
| Classification number | 347.1 |
| 100 ## - MAIN ENTRY--PERSONAL NAME | |
| Personal name | Kumar, P Krishna |
| 245 ## - TITLE STATEMENT | |
| Title | Khergamvala on The Negotiable Instruments Act / |
| Statement of responsibility, etc | by P Krishna Kumar and S Abdul Khader Kunju |
| 260 ## - PUBLICATION, DISTRIBUTION, ETC. (IMPRINT) | |
| Place of publication, distribution, etc | Haryana |
| Name of publisher, distributor, etc | LexisNexis |
| Date of publication, distribution, etc | 2021 |
| 270 ## - ADDRESS | |
| Address | 14th Floor, Building No 10,Tower-B, DLF Cyber City, Phase-II |
| City | Gurgaon |
| Postal code | 122002 |
| 300 ## - PHYSICAL DESCRIPTION | |
| Extent | 712p. |
| Dimensions | 24cm(pbk) |
| 500 ## - GENERAL NOTE | |
| General note | As Amended by the Negotiable Instruments (Amendments) Act, 2018 |
| 700 ## - ADDED ENTRY--PERSONAL NAME | |
| Personal name | Kunju,S Abdul Khader |
| 942 ## - ADDED ENTRY ELEMENTS (KOHA) | |
| Source of classification or shelving scheme | Dewey Decimal Classification |
| Item type | English Books |
| Classification part | 347.1 |
| Call number suffix | KUM |
| Edition | 23 |
| Withdrawn status | Lost status | Not for loan | Collection code | Home library | Current library | Date acquired | Source of acquisition | Cost, normal purchase price | Full call number | Barcode | Copy number | Cost, replacement price | Koha item type |
|---|---|---|---|---|---|---|---|---|---|---|---|---|---|
| Non-fiction | R.K.Puram-8 | R.K.Puram-8 | 17/07/2023 | DBAD/PUB | 1295.00 | 347.1 KUM | EN-120964 | 1 | 1295.00 | English Books |
